El Ministro Felipe Tena Ramírez /
Shranjeno v:
| Drugi avtorji: | |
|---|---|
| Format: | Knjiga |
| Jezik: | španščina |
| Serija: | (Semblanzas ;
7) |
| Teme: | |
| Oznake: |
Brez oznak, prvi označite!
|
MARC
| LEADER | 00000nam^a2200000^a^4500 | ||
|---|---|---|---|
| 001 | 000182409 | ||
| 005 | 20250521000000.0 | ||
| 009 | 20260310102007.163 | ||
| 037 | |a Acervo ITESO - Biblioteca | ||
| 041 | |a ESP | ||
| 082 | |a 347. 72014 |b SEM V. 7 | ||
| 245 | 0 | 3 | |a El Ministro Felipe Tena Ramírez / |c Presen. de C. del Río Rodríguez. |
| 264 | |a México : |b Suprema Corte de Justicia de la Nación, |c 1989 | ||
| 300 | |a 247 p. | ||
| 336 | |a texto |b txt |2 rdacontenido | ||
| 337 | |a sin mediación |b n |2 rdamedio | ||
| 338 | |a volumen |b nc |2 rdasoporte | ||
| 440 | 1 | |a (Semblanzas ; |v 7) | |
| 649 | |a XX | ||
| 650 | |a Jueces Mexicanos - |x Biografías | ||
| 650 | |a Jueces Mexicanos - |x Homenajes | ||
| 650 | |a Jueces Mexicanos - |x Discursos | ||
| 650 | |a Fiscales Mexicanos - |x Biografías | ||
| 650 | |a Fiscales Mexicanos - |x Homenajes | ||
| 650 | |a Fiscales Mexicanos - |x Discursos | ||
| 650 | |a Juristas Mexicanos - |x Biografías | ||
| 650 | |a Juristas Mexicanos - |x Homenajes | ||
| 650 | |a Juristas Mexicanos - |x Discursos | ||
| 650 | |a Abogados Mexicanos - |x Biografías | ||
| 650 | |a Abogados Mexicanos - |x Homenajes | ||
| 650 | |a Abogados Mexicanos - |x Discursos | ||
| 650 | |a Maternidad | ||
| 650 | |a Amparo - |z México | ||
| 650 | |a Etica Jurídica - |z México | ||
| 650 | |a Oratoria - |z México | ||
| 650 | |a Justicia - |x Administración - |z México | ||
| 650 | |a Suprema Corte de Justicia de la Nación - |z México | ||
| 650 | |a Suprema Corte de Justicia de la Nación - |z México - |x Informes | ||
| 650 | |a Tribunales - |z México | ||
| 650 | |a Poder Judicial - |z México | ||
| 650 | |a Derecho - |z México - |x Estudio y Enseñanza | ||
| 650 | |a Derecho - |z México | ||
| 650 | |a Morelia, Michoacán - |x Historia | ||
| 650 | |a Juárez, Benito | ||
| 650 | |a Rabasa, Emilio O. | ||
| 650 | |a Herrera y Lasso, Manuel | ||
| 650 | |a Peña y Peña, Manuel de la | ||
| 650 | |a Cortés Rubio, Salvador | ||
| 650 | |a Tena, Felipe de J. | ||
| 650 | |a Tena Ramírez, Felipe | ||
| 600 | |a Quiroga, Vasco de | ||
| 700 | |a Río Rodríguez, Carlos del |e (presentación) | ||
| 910 | |a Fondo General | ||
| 920 | |a Impresos - Libros | ||
| 930 | |a Colección General | ||
| 905 | |a 101 | ||
| 901 | |a 0500122198 |b IT1 |c ACC |u 20250521 | ||
| 902 | |a https://opac.biblio.iteso.mx/vufind/Record/000182409 | ||